Chinese Food -Sudden Death - Statistics

General Stats
  • This quiz has been taken 130 times
  • The average score is 5 of 6
Answers on the Grid
Answers color-coded by a green-red scale on the quiz's grid according to % correct below.
Dumpling
Pizza
Fries
Noodles
Rice
Taco
Apple
Eggplant
Egg Rolls
Spring Rolls
Shark Fin Soup
 
Answer Stats
Answer % Correct
Dumpling
96%
Noodles
93%
Rice
91%
Egg Rolls
89%
Spring Rolls
89%
Shark Fin Soup
83%
No matching quizzes found
Score Distribution
Percent of People with Each Score
Percentile by Number Answered
Your Score History
You have not taken this quiz